00606nam a2200157Ia 4500008004100000100002500041245007400066245006100140260005300201260001800254300000800272650001500280856006100295999001900356952007300375170221s9999 xx 000 0 und d aHashed Ahmed Mabkhot 4aThe Antecedents of Automobile Brand Loyalty: Evidence from Malaysian  cHashed Ahmed Mabkhot, Salniza MD Salleh, Hasnizam Shaari bInternational Review of Management and Marketing cDecember 2012 a4:2 xMarketing. uhttp://www.econjournals.com/index.php/irmm/issue/view/82 c310413d310413 001040aCLbCLd2017-02-21l0r2017-02-21 00:00:00w2017-02-21yFOJ